000 00866nam a2200265Ia 4500
003 OSt
005 20220926004524.0
006 a|||||r|||| 00| 0
007 ta
008 220923b |||||||| |||| 00| 0 eng d
020 _a9788131605752
_c845.75
037 _bIN1095, 22/11/2013, R K Books
_cGeneral Book
040 _aRTL
_cRTL
_beng
041 _2eng
_aeng
082 _aU435.2, Q3
100 _aSHARMA R.N.
_973290
245 0 _aSmall cities and towns in global era
_b Emerging changes and perspectives
260 _a New Delhi
_bRawat Publications
_c2013
300 _aix, 358p
_ccm.
490 _aEncyclopaedia of Information Technology Law;4
650 _aGeography
700 _a SANDHU R.S.
_9273757
942 _hU435.2, Q3
_cGB
_2CC
999 _c611453
_d611453